| 000 | 00753nam a2200229Ii 4500 | ||
|---|---|---|---|
| 003 | JO-AjNU | ||
| 008 | 230605s9999||||xx |||||||||||||| ||und|| | ||
| 017 | _a1827/4/2019 | ||
| 020 | _a978-9957-72-183-1 | ||
| 040 |
_aJO-AjNU _bara _erda _cJO-AjNU |
||
| 041 | _aara | ||
| 050 | 1 | 4 | _aHG4515.15.2020 |
| 100 | 3 |
_aغفوري، ليلى, _eauthor _963991 |
|
| 245 | 0 | 0 | _aالمالية السلوكية: اسهامات السيكولوجيا في النظرية المالية |
| 250 | _aط1 | ||
| 264 | 3 | 1 | _aعمان: زمزم ناشرون وموزعون، 2020 |
| 300 | _a131ص | ||
| 336 |
_atext _btxt _2rdacontent |
||
| 337 |
_aunmediated _bn _2rdamedia |
||
| 338 |
_avolume _bnc _2rdacarrier |
||
| 650 | 4 |
_aمالية عامه-سلوكية _963992 |
|
| 999 |
_aA29054 _c32622 _d32622 |
||